Adolescent gynecology; (Record no. 136308)
[ view plain ]
| 000 -LEADER | |
|---|---|
| fixed length control field | 00747nam a2200193I1 4500 |
| 008 - FIXED-LENGTH DATA ELEMENTS--GENERAL INFORMATION | |
| fixed length control field | |
| 003 - CONTROL NUMBER IDENTIFIER | |
| control field | |
| 005 - DATE AND TIME OF LATEST TRANSACTION | |
| control field | 20230123125131.0 |
| 040 ## - CATALOGING SOURCE | |
| Transcribing agency | NUST |
| 049 ## - LOCAL HOLDINGS (OCLC) | |
| Holding library | MAIN |
| 111 20 - MAIN ENTRY--MEETING NAME | |
| Meeting name or jurisdiction name as entry element | Ross Roundtable on Critical Approaches to Common Pediatric Problems. |
| 245 10 - TITLE STATEMENT | |
| Title | Adolescent gynecology; |
| Remainder of title | report of the seventh Ross Roundtable on Critical Approaches to Common Pediatric Problems, in collaboration with the Ambulatory Pediatric Association. |
| 260 0# - PUBLICATION, DISTRIBUTION, ETC. | |
| Place of publication, distribution, etc. | [Columbus, Oh., |
| Name of publisher, distributor, etc. | Ross Laboratories, |
| Date of publication, distribution, etc. | c1977] |
| 300 ## - PHYSICAL DESCRIPTION | |
| Extent | 57 p. |
| Other physical details | ill. ;f |
| Dimensions | 22 cm. |
| 490 0# - SERIES STATEMENT | |
| Series statement | Ross roundtable report. |
| 650 #2 - SUBJECT ADDED ENTRY--TOPICAL TERM | |
| Topical term or geographic name entry element | Genital Diseases, Female |
| General subdivision | Adolescent |
| Form subdivision | Congresses. |
| 907 ## - LOCAL DATA ELEMENT G, LDG (RLIN) | |
| a | .b10291246 |
| b | 15-02-11 |
| c | 15-02-11 |
| 942 ## - ADDED ENTRY ELEMENTS (KOHA) | |
| Koha item type | Ordinary Loan Books |
No items available.